E.A.Poe - The Father of Detective Story bakalárska práca

Salvato in:
Dettagli Bibliografici
Autore principale: Buhajová, Alžbeta
Ente Autore: Fakulta aplikovaných jazykov EU v Bratislave. Katedra interkultúrnej komunikácie
Altri autori: Stradiotová, Eva, 1963-
Natura: Libro
Lingua:inglese
Pubblicazione: Bratislava 2018
Tags: Aggiungi Tag
Nessun Tag, puoi essere il primo ad aggiungerne!!

MARC

LEADER 00000nbm a2200000 4500
001 0243977
005 20180913144627.3
041 0 |a eng 
044 |a SK 
245 1 0 |a E.A.Poe - The Father of Detective Story  |b bakalárska práca  |c Alžbeta Buhajová ; školiteľ: Eva Stradiotová 
264 1 |a Bratislava  |c 2018 
300 |a 43 s. 
100 1 |a Buhajová, Alžbeta 
700 1 |a Stradiotová, Eva, 1963- 
710 2 |a Fakulta aplikovaných jazykov EU v Bratislave. Katedra interkultúrnej komunikácie